| 000 | 00429nam a2200157 i 4500 | ||
|---|---|---|---|
| 001 | 30028 | ||
| 003 | ES-MaACL | ||
| 005 | 20230906154128.0 | ||
| 007 | t| | ||
| 008 | 030123s1924 xxk ||||1| eng d | ||
| 100 | 1 |
_aBarrie, J.M. _925970 |
|
| 245 | 1 | 4 |
_aThe admirable crichton _b: a comedi / _cJ.M. Barrie. |
| 260 |
_aLondon : _bHolder and Stoughton, _c1924. |
||
| 300 |
_a168 p. ; _c18 cm. |
||
| 852 |
_aES-MaACL _jF-5110 _bR.4806 |
||
| 999 |
_c30028 _d30028 |
||